000 00410nam a2200181Ia 4500
001 8667
003 GE_BSU
008 181216s||||||||xx |||||||||||||| ||und||
020 _a9770013061220
040 _cGE_BSU
245 4 _aThe Economist, January 4th-10th. Volume 410. 2013
245 _bNumber 8868
260 _aParis
260 _c2013
300 _a70pg;27sm.
653 _aThe Economist
942 _cCR
999 _c41982
_d41982